[Event "  fore  under  1400 raited players/do it   "]
[Site "SchemingMind.com"]
[Date "2016.12.30"]
[Round "-"]
[White "Henk Miedema"]
[Black "Chessibelle"]
[Result "0-1"]
[WhiteCountry "NED"]
[BlackCountry "ENG"]
[WhiteElo "902"]
[WhiteRD "62"]
[BlackElo "1120"]
[BlackRD "65"]
[GameID "408701"]

1. Nc3 e5 2. Nf3 Nf6 3. d4 Nc6 4. e3 d6 5. Be2 Be7 6. O-O O-O 7. a4 b6 8. b3 Be6 9. Qd3 a6 10. Ba3 a5
11. Bb2 d5 12. Qd1 Ne4 13. Bb5 Bd7 14. Bd3 Nd6 15. Qe2 f6 16. Nxd5 g5 17. Ne1 e4 18. Ba6 h6 19. Bb5 f5 20. Ba6 Rb8
21. Rc1 Be6 22. Ba3 Bxd5 23. Qh5 Nf7 24. Qh3 Bxa3 25. Ra1 Bb2 26. Rd1 g4 27. Qh5 Qd6 28. Be2 Kh7 29. Qxf5+ Kg7 30. Qxg4+ Ng5
31. Rb1 Ba3 32. Bb5 Na7 33. f4 Qf6 34. Qd7+ Bf7 35. Qxc7 Nxb5 36. Qd7 Nc3 37. Rd1 Nxd1 38. Qb5 Nxe3 39. Rf2 Bb4 40. Qe2 Nf5
41. Qd1 Ne3 42. Qe2= Nf5 43. fxg5 hxg5 44. Qxe4 Bg6 45. Qd3 Bxe1 46. Rf1 Bb4 47. Qc4 Bd6 48. Qd3 Bc7 49. Qc4 Qd6 50. Rd1 Qxh2+
51. Kf2 Qg3+ 52. Ke2 Qe3+ 53. Kf1 Ng3#
0-1

[Event "  fore  under  1400 raited players/do it   "]
[Site "SchemingMind.com"]
[Date "2016.12.30"]
[Round "-"]
[White "nammy"]
[Black "Chessibelle"]
[Result "0-1"]
[WhiteCountry "ENG"]
[BlackCountry "ENG"]
[WhiteElo "973"]
[WhiteRD "58"]
[BlackElo "1136"]
[BlackRD "61"]
[GameID "408727"]

1. d4 d5 2. Bf4 Nc6 3. Nf3 Nf6 4. h3 g6 5. h4 e6 6. c3 Bg7 7. Nbd2 O-O 8. Qc2 a6 9. g3 b5 10. a4 Bb7
11. Bh3 Ne7 12. Nb3 Bc6 13. a5 Re8 14. g4 Ne4 15. O-O f6 16. Qd1 Bd7 17. Nh2 h6 18. f3 Nd6 19. Re1 f5 20. g5 h5
21. Bg2 Qc8 22. e3 Nc4 23. Qc1 c6 24. Bg3 e5 25. f4 Qc7 26. Nf3 e4 27. Bf1 Nd6 28. Be2 Reb8 29. Nbd2 Be6 30. b3 b4
31. c4 Rf8 32. Nh2 c5 33. Ra2 Nc6 34. Qb1 cxd4 35. Bf1 Qa7 36. Bf2 dxe3 37. Bxe3 Qb7 38. Bc5 Rfd8 39. Bg2 Bc3 40. Rc1 Bd4+
41. Bxd4 Nxd4 42. Bf1 Qa7 43. Qb2 dxc4 44. Qxd4 Qxd4+ 45. Kh1 Qf2 46. bxc4 Qxh4 47. Ra4 Rab8 48. c5 Qxf4 49. Rd1 Nb5 50. Rxb4 Nd4
51. Ra4 Qxg5 52. Bc4 Kf7 53. Bxa6 f4 54. Nxe4 Qh4 55. Rf1 Nc2 56. Rc1 Ne3 57. c6 Ra8 58. Bb5 f3 59. Kg1 Rd2 60. c7 Qxh2#
0-1

[Event "  fore  under  1400 raited players/do it   "]
[Site "SchemingMind.com"]
[Date "2016.12.31"]
[Round "-"]
[White "Henk Miedema"]
[Black "nammy"]
[Result "1-0"]
[WhiteCountry "NED"]
[BlackCountry "ENG"]
[WhiteElo "948"]
[WhiteRD "65"]
[BlackElo "973"]
[BlackRD "58"]
[GameID "408728"]

1. Nf3 f6 2. Nc3 c6 3. e4 e6 4. d4 Ne7 5. Be2 Ng6 6. d5 e5 7. O-O Ne7 8. Be3 d6 9. a4 b6 10. a5 bxa5
11. Nh4 Nd7 12. Bg4 Ba6 13. Bxd7+= Qxd7 14. Re1 g6 15. Rxa5 Bc4 16. Nf3 c5 17. Ra1 Qb7 18. Ra4 Ba6 19. b3 Qb6 20. Qd2 g5
21. Raa1 f5 22. Nxg5 h6 23. Nf3 Bg7 24. Na4 Qb7 25. Nb2 O-O 26. c4 Ng6 27. Qc3 Ne7 28. Red1 Kh8 29. Nh4 Ng8 30. Ng6+ Kh7
31. Nxf8+ Bxf8 32. Qd2 Qxb3 33. Rdc1 Bb7 34. Rc3 Qb6 35. Na4 f4 36. Nxb6 Re8 37. Rxa7 Rb8 38. Nd7 Rd8 39. Rxb7 Be7 40. Rcb3 h5
41. Qa5 Re8 42. Nb6 Nf6 43. Na4 Nxe4 44. Bc1 Kg6 45. Rb8 Rf8 46. R8b7 Bh4 47. Nb6 Bxf2+ 48. Kh1 Rf5 49. Qa8 h4 50. Qg8+ Kh5
51. Qh7+ Kg5 52. Qg8+ Kf6 53. Qh8+ Kg6 54. Qg8+ Kf6 55. Nd7+ Ke7 56. Nb8+ Kf6 57. Rh7 f3 58. Nd7#
1-0

[Event "  fore  under  1400 raited players/do it   "]
[Site "SchemingMind.com"]
[Date "2017.01.31"]
[Round "-"]
[White "Chessibelle"]
[Black "wight knight"]
[Result "0-1"]
[WhiteCountry "ENG"]
[BlackCountry "ENG"]
[WhiteElo "1136"]
[WhiteRD "61"]
[BlackElo "1315"]
[BlackRD "64"]
[GameID "410070"]

1. e4 e5 2. d3 Bc5 3. Nf3 f6 4. Nc3 c6 5. Bd2 d6 6. Be2 Bg4 7. O-O Bxf3 8. Bxf3 g5 9. Bh5+ Ke7 10. Qg4 d5
11. a3 Nh6 12. Qf3 Nd7 13. exd5 g4 14. Qe4 f5 15. Qe2 f4 16. Bxf4 Kd6 17. Bxh6 Qh4 18. Bxg4 Qxh6 19. Qf3 Nf6 20. Bf5 Rag8
21. g3 Qh5 22. Bg4 Nxg4 23. h4 Rf8 24. Qe2 Bxf2+ 25. Kg2 Ne3+ 26. Kh3 Qxe2 27. Nxe2 Nxf1 28. Rxf1 h5 29. c3 Rf3 30. Kg2 Rf5
31. d4 Rff8 32. c4 Bxd4 33. Nxd4 Rxf1 34. Kxf1 exd4 35. Ke2 Rg8 36. Kf3 cxd5 37. Ke2 Rxg3 38. Kd2 Rg4 39. Kc2 Rxh4 40. Kb3 d3
41. Kc3 Rh3 42. b3 dxc4 43. bxc4 Kc5 44. a4 a5 45. Kd2 h4 46. Kc3 Rg3
0-1

[Event "  fore  under  1400 raited players/do it   "]
[Site "SchemingMind.com"]
[Date "2017.01.31"]
[Round "-"]
[White "nammy"]
[Black "wight knight"]
[Result "0-1"]
[WhiteCountry "ENG"]
[BlackCountry "ENG"]
[WhiteElo "966"]
[WhiteRD "58"]
[BlackElo "1321"]
[BlackRD "62"]
[GameID "410071"]

1. d4 d5 2. c3 Bf5 3. Nd2 e6 4. f3 c5 5. e3 cxd4 6. cxd4 Bb4 7. Be2 Nc6 8. Kf1 Bxd2 9. Bxd2 h5 10. h3 a5
11. a3 e5 12. Qc1 exd4 13. Qc5 Qe7 14. Qb6 dxe3 15. Bc3 Ra6 16. Qb3 d4 17. Be1 a4 18. Qd1 Ra8 19. Bc4 Ne5 20. Be2 Rd8
21. Qxa4+ Qd7 22. Qb3 g5 23. a4 Rh6 24. Bd1 d3 25. Qb4 e2+ 26. Kf2 Qd4+ 27. Qxd4 Rxd4 28. Bb3 g4 29. a5 Rb4 30. Bxb4 gxf3
31. gxf3 Be6 32. Ba4+ Bd7 33. Bb3 Be6 34. Ba4+ Bd7 35. Bb3 Nc6 36. Bc3 Rd6 37. Be5 Rg6 38. a6 bxa6 39. Rxa6 Re6 40. Ra8+ Ke7
41. Bg7 e1=Q+ 42. Kg2 h4 43. Rxg8 Qd2+ 44. Kf1 Re1#
0-1

[Event "  fore  under  1400 raited players/do it   "]
[Site "SchemingMind.com"]
[Date "2017.01.31"]
[Round "-"]
[White "wight knight"]
[Black "Henk Miedema"]
[Result "1-0"]
[WhiteCountry "ENG"]
[BlackCountry "NED"]
[WhiteElo "1321"]
[WhiteRD "62"]
[BlackElo "962"]
[BlackRD "66"]
[GameID "410072"]

1. e4 e5 2. Bc4 Nf6 3. d3 Bc5 4. Bg5 O-O 5. Bxf6 Qxf6 6. Qf3 Nc6 7. c3 Qg5 8. g3 d6 9. h4 Qg6 10. h5 Qg5
11. Nd2 Qh6 12. Nb3 a6 13. Nxc5 Ne7 14. Qe3 Qxe3+ 15. fxe3 dxc5 16. O-O-O Bg4= 17. Rf1 Bd7 18. Nh3 Bg4 19. Nf2 Bf3 20. Rh3 b5
21. Bb3 Bg2 22. Rhh1 Bxf1 23. Rxf1 Nc6 24. Ng4 b4 25. cxb4 Nxb4 26. Bd5 Rad8 27. Nxe5 c6 28. Bxc6 Nxd3+ 29. Nxd3 Rxd3 30. Rf3 Rdd8
31. Rf5 c4 32. h6 Rc8 33. Bd5 Rc7 34. Rg5 c3 35. Rxg7+ Kh8 36. Rg4 Rc5 37. Kc2 a5 38. bxc3 Rb5 39. a4 Rc5 40. Rg7 Rfc8
41. Rxf7 Rxc3+ 42. Kb1 Rb8+ 43. Ka1 Rc1+ 44. Ka2 Rc2+ 45. Ka1 Rc1+ 46. Ka2 Re1 47. e5 Re2+ 48. Ka3 Rxe3+ 49. Ka2 Rxe5 50. Bc4 Re4
51. Bb3 Re2+ 52. Ka3 Kg8 53. Rb7+ Kf8 54. Rxb8+ Re8 55. Rxe8+ Kxe8 56. Bc2 Kf7 57. Bxh7 Kf6 58. Bg8 Kg5 59. h7 Kg4 60. h8=Q Kxg3
61. Qd4 Kf3 62. Kb3 Kg3 63. Kc3 Kf3 64. Kd3 Kg3 65. Ke3 Kg2 66. Qg4+ Kf1 67. Qh3+ Ke1 68. Qh2 Kd1 69. Qd2#
1-0

[Event "  fore  under  1400 raited players/do it   "]
[Site "SchemingMind.com"]
[Date "2017.02.08"]
[Round "-"]
[White "JamesJ"]
[Black "Chessibelle"]
[Result "1-0"]
[WhiteCountry "ENG"]
[BlackCountry "ENG"]
[WhiteElo "1450"]
[WhiteRD "94"]
[BlackElo "1106"]
[BlackRD "57"]
[GameID "410356"]

1. e4 e5 2. f4 Nc6 3. Nc3 Nf6 4. d3 Be7 5. Nf3 d6 6. Ng5 O-O 7. Be3 Bg4 8. Qd2 b6 9. h3 Bd7 10. O-O-O Nd4
11. Qf2 c5 12. Qh4 h6 13. fxe5 dxe5 14. Qg3 Bd6 15. Nh7 Kxh7 16. Be2 a6 17. Qf2 Be7 18. g4 Ng8 19. h4 f6 20. Rdg1 g5
21. Nd5 Bd6 22. Qh2 Kg7 23. Bd1 Kf7 24. hxg5 Ke6 25. c3 Nb5 26. Bb3 fxg5 27. Nc7+ Ke7 28. Bxg5+ Nf6 29. Nxa8 Qxa8 30. Qxh6 Be8
31. Rf1 Kd7 32. Qg7+ Be7 33. Ba4 Bf7 34. c4 Kc6 35. Rf5 Kb7 36. Rxe5 Qc8 37. Rxe7+ Nd7 38. Qf6 Qb8 39. cxb5 a5 40. Qc6+ Ka7
41. Rxd7+
1-0

[Event "  fore  under  1400 raited players/do it   "]
[Site "SchemingMind.com"]
[Date "2017.02.08"]
[Round "-"]
[White "Henk Miedema"]
[Black "JamesJ"]
[Result "1-0"]
[WhiteCountry "NED"]
[BlackCountry "ENG"]
[WhiteElo "962"]
[WhiteRD "66"]
[BlackElo "1450"]
[BlackRD "94"]
[GameID "410357"]

1. d4 Nf6 2. e3 g6 3. c4 Bg7 4. Nf3 d6 5. Be2 O-O 6. Nc3 c5 7. d5 Na6 8. O-O Nc7 9. a4 Bd7 10. b3 Rb8
11. Bd2 a6 12. Qc1 Ncxd5 13. Nxd5 b5 14. Nc3 e5 15. Bd3= Bc6 16. e4 Qd7 17. Ra3 Nh5 18. Qa1 b4 19. Ra2 bxc3 20. Bxc3 Rxb3
21. a5 Nf4 22. Rb1 Qg4 23. g3 Nh3+ 24. Kg2 Nf4+ 25. Kf1 Nxd3 26. Nd2 Rxb1+ 27. Qxb1 Bh6 28. Qxd3 Qh3+ 29. Kg1 f5 30. Qxd6 Bb7
31. Qe6+ Kh8 32. Qxe5+ Bg7 33. Qxg7#
1-0

[Event "  fore  under  1400 raited players/do it   "]
[Site "SchemingMind.com"]
[Date "2017.02.08"]
[Round "-"]
[White "JamesJ"]
[Black "nammy"]
[Result "1-0"]
[WhiteCountry "ENG"]
[BlackCountry "ENG"]
[WhiteElo "1450"]
[WhiteRD "94"]
[BlackElo "966"]
[BlackRD "58"]
[GameID "410358"]

1. e4 e5 2. Nf3 Nc6 3. Bc4 Nh6 4. c3 Na5 5. Bb5 Bd6 6. d4 O-O 7. dxe5 Bc5 8. b4 Nc6 9. bxc5 Ne7 10. Nh4 c6
11. Bc4 b6 12. Qf3 bxc5 13. Qg3 d6 14. Bxh6 Ng6 15. Bg5 Qe8 16. f4 Nh8 17. Nd2 h6 18. Bf6 g6 19. Nxg6 Nxg6 20. Qxg6#
1-0

[Event "  fore  under  1400 raited players/do it   "]
[Site "SchemingMind.com"]
[Date "2017.02.09"]
[Round "-"]
[White "wight knight"]
[Black "JamesJ"]
[Result "0-1"]
[WhiteCountry "ENG"]
[BlackCountry "ENG"]
[WhiteElo "1321"]
[WhiteRD "62"]
[BlackElo "1450"]
[BlackRD "94"]
[GameID "410359"]

1. e4 c5 2. Bc4 d6 3. Qf3 Nf6 4. d3 g6 5. Bg5 Bg7 6. Nc3 Bg4 7. Qe3 Qb6 8. b3 h6 9. Bxf6 Bxf6 10. Nd5 Qa5+
11. c3 b5 12. Bxb5+ Kf8 13. Bc6 Nxc6 14. Nxf6 Qxc3+ 15. Qd2 Qxa1+ 16. Qd1 Qxf6 17. f3 Be6 18. g4 a5 19. Ne2 Qxf3 20. Rf1 Qxg4
21. Rf4 Qh5 22. Rf2 Qh4 23. Ng3 Bg4 24. Qd2 a4 25. bxa4 Rb8 26. Qf4 Rb1+ 27. Kd2 Rd1+ 28. Ke3 Ne5 29. a5 Rxd3#
0-1

[Event "  fore  under  1400 raited players/do it   "]
[Site "SchemingMind.com"]
[Date "2017.02.11"]
[Round "-"]
[White "emvarela"]
[Black "nammy"]
[Result "1-0"]
[WhiteCountry "ARG"]
[BlackCountry "ENG"]
[WhiteElo "1720"]
[WhiteRD "56"]
[BlackElo "966"]
[BlackRD "58"]
[GameID "410450"]

1. e4 e5 2. Nf3 Nc6 3. Bb5 Na5 4. c3 Nf6 5. b4 Nc6 6. Bxc6 bxc6 7. d3 Be7 8. Be3 d6 9. O-O O-O 10. Qc2 Qd7
11. h3 Qe6 12. Nbd2 Kh8 13. c4 Bd7 14. c5 d5 15. Ng5 dxe4 16. Ngxe4 Ne8 17. Nf3 a5 18. bxa5 Rxa5 19. a4 f6 20. Qc3 Ra7
21. Rfe1 Rg8 22. d4 g6 23. dxe5 f5 24. Neg5 Qd5 25. Rad1 Qa2 26. Rxd7 Bf8 27. Rxh7#
1-0

[Event "  fore  under  1400 raited players/do it   "]
[Site "SchemingMind.com"]
[Date "2017.02.11"]
[Round "-"]
[White "Chessibelle"]
[Black "emvarela"]
[Result "0-1"]
[WhiteCountry "ENG"]
[BlackCountry "ARG"]
[WhiteElo "1106"]
[WhiteRD "57"]
[BlackElo "1720"]
[BlackRD "56"]
[GameID "410451"]

1. e4 e5 2. Nc3 Nc6 3. d3 d6 4. Be2 Nf6 5. Nf3 Be7 6. a3 O-O 7. O-O Be6 8. Be3 a6 9. b3 b5 10. b4 d5
11. Qb1 d4 12. Bd2 dxc3 13. Bxc3 Nd4 14. Bd1 Bd6 15. Bd2 Nxf3+ 16. Bxf3 c5 17. Bg5 h6 18. Bd2 c4 19. Be2 cxd3 20. Bxd3 Rc8
21. c3 Bc4 22. Be3 Qc7 23. Re1 Rfd8 24. Qd1 Bxd3 25. Qxd3= Qxc3 26. Qe2 Qc2 27. Bd2 Bxb4 28. axb4 Qxd2 29. Qf3 Rc3 30. Qf5 Rcd3
31. g3 Qxb4 32. Kg2 R3d4 33. f3 Qb2+ 34. Kh3 Rd2 35. Rab1 Rxh2#
0-1

[Event "  fore  under  1400 raited players/do it   "]
[Site "SchemingMind.com"]
[Date "2017.02.12"]
[Round "-"]
[White "wight knight"]
[Black "emvarela"]
[Result "0-1"]
[WhiteCountry "ENG"]
[BlackCountry "ARG"]
[WhiteElo "1367"]
[WhiteRD "61"]
[BlackElo "1748"]
[BlackRD "60"]
[GameID "410452"]

1. e4 e5 2. Bc4 c6 3. Qf3 Qf6 4. Qxf6 Nxf6 5. f3 d5 6. Bb3 dxe4 7. d3 exd3 8. cxd3 Bb4+ 9. Bd2 Bxd2+ 10. Nxd2 O-O
11. Nh3 Bxh3 12. gxh3 Rd8 13. Ke2 Nd5 14. Bxd5 cxd5 15. Rhg1 Nc6 16. a3 Nd4+ 17. Kf2 Rac8 18. h4 Rc2 19. Ke3 Rxd2 20. Kxd2 Nxf3+
21. Ke3 Nxg1 22. Rxg1 d4+ 23. Ke4 f6 24. b4 Kf7 25. Rc1 Rd7 26. b5 Ke6 27. a4 f5+ 28. Kf3 Kd5 29. h5 e4+ 30. Kf4 e3
31. Kxf5 Rf7+ 32. Kg4 b6 33. h4 Rf2 34. Kg3 Rd2 35. Kf3 Rxd3 36. Ke2 Ke4 37. Rc7 Rd2+ 38. Ke1 Kd3 39. Rc1 Rh2 40. Rd1+ Ke4
41. Kf1 e2+ 42. Ke1 exd1=Q+ 43. Kxd1 Ke3 44. Kc1 d3 45. h6 d2+ 46. Kc2 g6 47. a5 Rxh4 48. axb6 axb6 49. Kb2 d1=Q 50. Ka2 Qa4+
51. Kb2 Qxb5+ 52. Kc2 Rc4+ 53. Kd1 Qb1#
0-1

[Event "  fore  under  1400 raited players/do it   "]
[Site "SchemingMind.com"]
[Date "2017.02.12"]
[Round "-"]
[White "emvarela"]
[Black "Henk Miedema"]
[Result "1-0"]
[WhiteCountry "ARG"]
[BlackCountry "NED"]
[WhiteElo "1724"]
[WhiteRD "55"]
[BlackElo "948"]
[BlackRD "65"]
[GameID "410453"]

1. e4 e5 2. Nf3 d6 3. d4 Nf6= 4. dxe5 Nxe4= 5. Qd5 Bf5= 6. Bd3 Be7 7. Bxe4 Bxe4= 8. Qxe4 Nc6 9. Bd2 d5 10. Qd3 Qd7=
11. O-O O-O 12. c4 a6 13. cxd5 Nd8 14. Nc3 f6 15. exf6 Bxf6 16. Ng5 c6 17. Qxh7#
1-0

[Event "  fore  under  1400 raited players/do it   "]
[Site "SchemingMind.com"]
[Date "2017.02.11"]
[Round "-"]
[White "emvarela"]
[Black "JamesJ"]
[Result "1-0"]
[WhiteCountry "ARG"]
[BlackCountry "ENG"]
[WhiteElo "1757"]
[WhiteRD "53"]
[BlackElo "1437"]
[BlackRD "84"]
[GameID "410454"]

1. e4 c5 2. Nf3 d6 3. d4 cxd4 4. Nxd4 Nf6 5. Nc3 g6 6. Be3 Bg7 7. f3 O-O 8. Qd2 Nc6 9. O-O-O d5 10. exd5 Nxd5
11. Nxc6 bxc6 12. Nxd5 cxd5 13. Qxd5 Rb8 14. Qxd8 Bxb2+ 15. Kd2 Rxd8+ 16. Bd3 Ba6 17. Ke2 Rbc8 18. Bxa6 Rxc2+ 19. Rd2 Rdxd2+ 20. Bxd2 Bc3
21. Rd1 Rxa2 22. Bc4 Rb2 23. Kd3 Bf6 24. g4 g5 25. Rc1 a5 26. Bxa5 Rxh2 27. Bc7 Rh3 28. Ke4 Kg7 29. Be2 Rh4 30. Be5 h5
31. Bxf6+ Kxf6 32. Rc6+ e6 33. Rc5 Rh2 34. Rc2 Kg6 35. gxh5+ Kh6 36. Ke5 Rxh5 37. Kf6 g4 38. fxg4 Re5 39. Bd3 Re3 40. Rh2+ Rh3
41. Rxh3#
1-0

[Event "  fore  under  1400 raited players/do it   "]
[Site "SchemingMind.com"]
[Date "2017.02.23"]
[Round "-"]
[White "nammy"]
[Black "Iucounu"]
[Result "0-1"]
[WhiteCountry "ENG"]
[BlackCountry "ENG"]
[WhiteElo "966"]
[WhiteRD "58"]
[BlackElo "1534"]
[BlackRD "81"]
[GameID "410810"]

1. d4 Nf6 2. f3 g6 3. Be3 Bg7 4. Nc3 O-O 5. Qd3 d6 6. O-O-O a6 7. g3 b5 8. h3 Bb7 9. h4 Nbd7 10. Bh3 Nd5
11. Bf2 N7b6 12. e4 Nxc3 13. Qxc3 c5 14. Qb3 c4 15. Qe3 d5 16. e5 e6 17. Be1 a5 18. Bd2 Qe7 19. Ne2 b4 20. Bg2 Rfc8
21. Ng1 Na4 22. b3 Nb6 23. g4 cxb3 24. axb3 a4 25. Ne2 a3 26. c3 a2 27. h5 a1=Q+ 28. Kc2 Ra2+ 29. Kd3 Ba6+ 30. c4 dxc4+
31. Ke4 Bb7+ 32. Kf4 Bh6+ 33. g5 Qxg5#
0-1

[Event "  fore  under  1400 raited players/do it   "]
[Site "SchemingMind.com"]
[Date "2017.02.22"]
[Round "-"]
[White "Iucounu"]
[Black "emvarela"]
[Result "1-0"]
[WhiteCountry "ENG"]
[BlackCountry "ARG"]
[WhiteElo "1582"]
[WhiteRD "76"]
[BlackElo "1739"]
[BlackRD "59"]
[GameID "410811"]

1. e4 e5 2. Nf3 Nc6 3. Bb5 a6 4. Ba4 Nf6 5. O-O Bc5 6. c3 Qe7 7. d4 exd4 8. cxd4 Ba7 9. Nc3 O-O 10. e5 Ne8
11. Re1 d6 12. Bxc6 bxc6 13. exd6 Qxd6 14. Be3 Nf6 15. h3 Nd5 16. Nxd5 cxd5 17. a3 c5 18. b3 cxd4 19. Bxd4 Bxd4 20. Qxd4 h6
21. b4 Be6 22. Qe5 Qxe5 23. Nxe5 Rac8 24. Rac1 Rxc1 25. Rxc1 Rc8 26. Rxc8+ Bxc8 27. Nc6 Kf8 28. f4 f6 29. h4 Bb7 30. Nd4 g6
31. Kf2 Ke7 32. Ke3 f5 33. Kd3 Kf6 34. g3 Bc8 35. Nf3 Ke6 36. Kd4 Bd7 37. Kc5 Bc8 38. Nd4+ Kf6 39. Kxd5 g5 40. hxg5+ hxg5
41. a4 gxf4 42. gxf4
1-0

[Event "  fore  under  1400 raited players/do it   "]
[Site "SchemingMind.com"]
[Date "2017.02.22"]
[Round "-"]
[White "Iucounu"]
[Black "wight knight"]
[Result "1-0"]
[WhiteCountry "ENG"]
[BlackCountry "ENG"]
[WhiteElo "1534"]
[WhiteRD "81"]
[BlackElo "1321"]
[BlackRD "62"]
[GameID "410812"]

1. e4 e5 2. Nf3 f6 3. Nxe5 g6 4. Nf3 Bc5 5. d4 Bb6 6. Bc4 d6 7. Nc3 c6 8. d5 Bg4 9. O-O f5 10. exf5 Bxf3
11. Qxf3 c5 12. Re1+ Ne7 13. Bg5 O-O 14. Bxe7 Rxf5 15. Bxd8 Rxf3 16. gxf3 Bxd8 17. Re8+ Kf7 18. Rxd8 Ke7 19. Rc8 a6 20. Re1+ Kd7
21. Ree8 a5 22. Bb5+ Nc6 23. Rxa8 h5 24. Rac8 h4 25. Bxc6+ bxc6 26. dxc6#
1-0

[Event "  fore  under  1400 raited players/do it   "]
[Site "SchemingMind.com"]
[Date "2017.02.26"]
[Round "-"]
[White "JamesJ"]
[Black "Iucounu"]
[Result "0-1"]
[WhiteCountry "ENG"]
[BlackCountry "ENG"]
[WhiteElo "1437"]
[WhiteRD "84"]
[BlackElo "1602"]
[BlackRD "57"]
[GameID "410813"]

1. e4 Nf6 2. Nc3 d5 3. e5 Nfd7 4. d4 e6 5. Qg4 c5 6. Nf3 cxd4 7. Nxd4 Nxe5 8. Qg3 Ng6 9. f4 Be7 10. Qf3 Nd7
11. Bb5 a6 12. Ba4 b5 13. Nc6 Qc7 14. Nxe7 Nxe7 15. Bb3 Nc5 16. f5 Rg8 17. Bf4 Qc6 18. O-O-O Nxf5 19. Bxd5 exd5 20. Rhe1+ Be6
21. Nxd5 Rc8 22. g4 Ne7 23. Nc7+ Rxc7 24. Bxc7 Qxc7 25. g5 Qb7 26. Qf2 Qc7 27. h4 Ng6 28. Rd5 Nb7 29. Rf5 Kd8 30. Rd1+ Kc8
31. Rf3 Ne5 32. Rc3 Nc6 33. Re1 Kb8 34. Qf3 Rc8 35. Qe4 g6 36. Ra3 a5 37. c3 b4 38. cxb4 Nd4+ 39. Rc3 Qd7 40. bxa5 Rxc3+
41. bxc3 Nb5 42. Qe5+ Qc7 43. Qxb5 Qf4+ 44. Kb2 Qd2+ 45. Ka3 Qxc3+ 46. Ka4 Qxe1 47. Qe8+ Ka7 48. Qc6 Qxa5#
0-1

[Event "  fore  under  1400 raited players/do it   "]
[Site "SchemingMind.com"]
[Date "2017.02.22"]
[Round "-"]
[White "Chessibelle"]
[Black "Iucounu"]
[Result "0-1"]
[WhiteCountry "ENG"]
[BlackCountry "ENG"]
[WhiteElo "1106"]
[WhiteRD "57"]
[BlackElo "1534"]
[BlackRD "81"]
[GameID "410814"]

1. d4 Nf6 2. e3 g6 3. b3 Bg7 4. Bb2 O-O 5. Be2 d6 6. Nf3 e6 7. O-O Nc6 8. Nbd2 Nd7 9. Ne4 e5 10. d5 Ne7
11. Bc4 Nb6 12. Bd3 Nbxd5 13. Ba3 f5 14. Nfg5 fxe4 15. Bxe4 Nf6 16. Bd3 h6 17. Nf3 Bf5 18. Ne1 Bxd3 19. Nxd3 g5 20. g3 e4
21. Nb4 c5 22. f3 cxb4 23. Bxb4 Nfd5 24. Ba3 Bxa1 25. Qxa1 Nxe3 26. Rf2 Rxf3 27. Rd2 Rf1+ 28. Qxf1 Nxf1 29. Kxf1 Nc8 30. c4 b6
31. Rd5 Qe7 32. Bb2 a5 33. a4 Qe6 34. Rd2 Ne7 35. Rf2 Rf8 36. Bc3 Rxf2+ 37. Kxf2 e3+ 38. Ke2 g4 39. Bd4 d5 40. c5 Nf5
41. Bc3 bxc5 42. Bxa5 Nd4+ 43. Kd3 Nxb3 44. Bc7 e2
0-1

[Event "  fore  under  1400 raited players/do it   "]
[Site "SchemingMind.com"]
[Date "2017.02.22"]
[Round "-"]
[White "Iucounu"]
[Black "Henk Miedema"]
[Result "1-0"]
[WhiteCountry "ENG"]
[BlackCountry "NED"]
[WhiteElo "1534"]
[WhiteRD "81"]
[BlackElo "962"]
[BlackRD "66"]
[GameID "410815"]

1. e4 e5 2. Nf3 Nf6 3. Nxe5 Qe7 4. d4 Nxe4 5. Qe2 Nf6 6. Bg5 Qe6 7. c3 Be7 8. Nf3 O-O 9. Nbd2 Qxe2+ 10. Bxe2 d6
11. O-O-O Bg4 12. h3 Bf5 13. Nh4 Be6 14. Bf3 Re8 15. g4 Nbd7 16. Bxf6 Bxf6 17. Ng2 Bg5 18. Kb1 b5 19. Bxa8 Rxa8 20. f4 Bf6
21. Ne3 Bh4 22. d5 Re8 23. dxe6 fxe6 24. Ng2 Rf8 25. Nxh4 Rxf4 26. Rdf1 Rf8 27. Rxf8+ Nxf8 28. Re1 a5 29. Nb3 e5 30. Nxa5 c5
31. Nb7 Ne6 32. Nxd6 b4 33. cxb4 Ng5 34. Rxe5 h6 35. bxc5 Kh7 36. c6 Nxh3 37. c7 Nf2 38. c8=Q Nxg4 39. Qf5+ Kh8 40. Re8#
1-0